02354cam a22003854a 4500999001500000001000600015003000900021005001700030008004100047020001800088040002800106082002200134100002200156245008200178250001200260260006500272300004800337504005100385650002000436650002900456700002800485942001200513952012000525952012000645952012000765952012000885952012001005952012001125952012001245952012001365952012001485952012101605952012101726952012101847 c3481d348112267BD-DhUAP20200308095143.0200308t20082006ii a b 001 0 eng  a9788131708125 aDLCcDLCbEngdBD-DhUAP 223a621.38152 STR1 aStreetman, Ben G.10aSolid state electronic devices /cBen G. Streetman and Sanjay Kumar Banerjee. a6th ed. aNew Delhi :bPearson/Prentice Hall,cc2006 [Reprinted 2008]. axviii, 581 pages :billustrations ;c25 cm. aIncludes bibliographical references and index. 0aSemiconductors. 0aSolid state electronics.1 aBanerjee, Sanjay Kumar. 2ddccBK 00102ddc4070aUAPCLbUAPCLcGeneral Stacksd2020-03-08o621.38152 STRp3010012267r2020-03-08t1w2020-03-08yBK 00102ddc4070aUAPCLbUAPCLcGeneral Stacksd2020-03-08o621.38152 STRp3010012268r2020-03-08t2w2020-03-08yBK 00102ddc4070aUAPCLbUAPCLcGeneral Stacksd2020-03-08o621.38152 STRp3010012270r2020-03-08t3w2020-03-08yBK 00102ddc4070aUAPCLbUAPCLcGeneral Stacksd2020-03-08o621.38152 STRp3010012269r2020-03-08t4w2020-03-08yBK 00102ddc4070aUAPCLbUAPCLcGeneral Stacksd2020-03-08o621.38152 STRp3010010937r2020-03-08t5w2020-03-08yBK 00102ddc4070aUAPCLbUAPCLcGeneral Stacksd2020-03-08o621.38152 STRp3010010938r2020-03-08t6w2020-03-08yBK 00102ddc4070aUAPCLbUAPCLcGeneral Stacksd2020-03-08o621.38152 STRp3010012266r2020-03-08t7w2020-03-08yBK 00102ddc4070aUAPCLbUAPCLcGeneral Stacksd2020-03-08o621.38152 STRp3010010935r2020-03-08t8w2020-03-08yBK 00102ddc4070aUAPCLbUAPCLcGeneral Stacksd2020-03-08o621.38152 STRp3010010936r2020-03-08t9w2020-03-08yBK 00102ddc4070aUAPCLbUAPCLcGeneral Stacksd2020-03-08o621.38152 STRp3010010934r2020-03-08t10w2020-03-08yBK 00102ddc4070aUAPCLbUAPCLcGeneral Stacksd2020-03-08o621.38152 STRp3010014022r2020-03-08t11w2020-03-08yBK 00102ddc4070aUAPCLbUAPCLcGeneral Stacksd2020-03-08o621.38152 STRp3010014021r2020-03-08t12w2020-03-08yBK